Statistics for Most Spoken Languages in Virginia

Click here to take the quiz!

General Stats

  • This quiz has been taken 96 times
  • The average score is 13 of 18

Answer Stats

# SpeakersLanguage% Correct
470,058Spanish
100%
38,893French
96%
27,247German
95%
13,922Russian
92%
42,418Chinese
90%
9,533Italian
88%
29,674Arabic
86%
56,518Korean
84%
45,881Vietnamese
84%
10,251Japanese
79%
24,813Hindi
77%
40,724Tagalog
70%
23,520Persian
65%
21,794Urdu
55%
13,946Kru | Igbo | Yoruba
32%
8,177Punjabi
30%
17,964Amharic
23%
10,515Telugu
17%

Score Distribution

Percentile by Number Answered

Percent of People with Each Score

Your Score History

You have not taken this quiz